000 00347 a2200157 4500
001 58506
020 _a8523200657
040 _cAnchieta - Pituba
100 _aMaia, Adinoel Motta
240 1 0 _aMorte na politécnica
_lpor
245 1 0 _aMorte na politécnica
300 _a178
362 0 _a1990
650 4 _aFicção brasileira
942 _cBK
999 _c58506
_d58506